000 00935nmm a2200277 a 4500
001 ocm0002146588
003 TR-IsHL
005 20201028183319.0
008 190328s2018 tu tur
007 cr cn
020 _a9786052186312
035 _a2146588
_b(N$T)
050 0 4 _aPL248.O753
_bG6 2018
090 0 4 _aPL248.O753
_bG6 2018
100 1 _aOrmanoğlu, Hacı
245 1 0 _aGoncalar solmasın: "Bugün hangi iyiliği yaptın?"
_h[electronic resource] /
_cHacı Ormanoğlu
250 _a3. Baskı
260 _aİstanbul :
_bAZ Kitap,
_c2018
300 _a200 p.
650 4 _aFelsefe, Psikoloji ve Din
650 4 _aPhilosophy, Psychology and Religion
650 0 _aTürk Edebiyatı
_x Denemeler
650 0 _aTurkish literature
_x Essays
650 7 _aLITERARY COLLECTIONS / Middle Eastern
_2bisacsh
856 4 0 _uhttp://search.ebscohost.com/login.aspx?direct=true&scope=site&db=e011xww&AN=2146588
999 _c20478
_d20478